| 000 | 00882nam a2200253Ia 4500 | ||
|---|---|---|---|
| 003 | OSt | ||
| 005 | 20221005112610.0 | ||
| 006 | a|||||r|||| 00| 0 | ||
| 007 | ta | ||
| 008 | 221004b |||||||| |||| 00| 0 pan d | ||
| 020 |
_a8171428185 (hbk) _c150 |
||
| 024 | _a26253 | ||
| 037 |
_b1023, 16/03/2016, H.K. Prakashan _cTextual |
||
| 040 |
_aCRL _cCRL _bpan |
||
| 041 |
_2pan _apan |
||
| 082 | _aO152,1I00:g, 153P9 | ||
| 100 | _aਜੈਨ, ਗਿਆਨ ਚੰਦ | ||
| 245 | 0 | _aਭਗਤ ਕਬੀਰ ਦੀ ਕਾਵਿ - ਕਲਾ | |
| 260 |
_aਚੰਡੀਗੜ੍ਹ _bਲੋਕਗੀਤ ਪ੍ਰਕਾFਨ ਭਾਰਤ _c2009 |
||
| 300 |
_a95ਪੰ _ccm. |
||
| 650 | _aਹਿੰਦੀ ਸਾਹਿਤ | ||
| 942 |
_hO152,1I00:g, 153P9 _cTEXL _2cc |
||
| 999 |
_c1025387 _d1025387 |
||